000 00285nam a22001337a 4500
008 260220b ||||| |||| 00| 0 eng d
020 _a9951050204
041 _aeng
080 _a20.1
100 _a20.1
101 _apoezi
245 _aTestamenti
_cFransua Vijon
942 _2udc
_cBK
999 _c60833
_d60833